LEADER 00854nam a2200217 i 4500 001 000000174953 003 CaOOAMICUS 005 20081015000000.0 008 081015s1923 it u000 u fre u 013 $a152430 040 $aSeMil$bita 245 12$aL'Etna :$bpoème /$ctexte établi et traduit par J. Vessereau. 260 $aParis :$bLes Belles Lettres,$c1923. 300 $aXXXIV, 82 p. ;$c21 cm. 490 0 $aCollection des Universités de France 700 1 $aVessereau, Jules.$0(OLS)http://semarc/name/65292 830 0$aCollection des Universités de France.$0(OLS)http://semarc/title/6036 850 $aSeMil 852 $aSeMil$W1$xVenegono$y1$m1X I 4$j125781$B125781$CSeMilBibl$Z2$F136638 $81 996 $6245$aL'Etna :$bpoème$9(OLS)http://semarc/title/250862 996 $6260$aParis :$bLes Belles Lettres$9(OLS)http://semarc/publisher/30422 LEADER 01254nam a2200265 i 4500 001 000000040021 003 CaOOAMICUS 005 20070125000000.0 008 931231s1993 be u000 u mul u 013 $a11179 020 $a90-6831-520-X 040 $aSeMil$bita 245 10$aHistorica, Theologica et Philosophica, Gnostica /$cedited by Elizabeth A. Livingstone. 300 $aXVIII, 414 p. 490 0 $aStudia patristica ;$v24 650 4$aPatristica - Studi.$0(OLS)http://semarc/subject/3628 700 1 $aLivingstone, Elizabeth Anne.$0(OLS)http://semarc/name/7854 700 1 $aInternational Conference on Patristic Studies <11. ; 1991 ; Oxford>.$0(OLS)http://semarc/name/7858 773 0 $tPapers presented at the Eleventh International Conference on Patristic Studies held in Oxford 1991.$dLeuven : Peeters, 1993.$kStudia patristica $w()17141 830 0$aStudia patristica ;$v24.$0(OLS)http://semarc/title/22570 850 $aSeMil 852 $aSeMil$W1$xVenegono$y1$m2UA D 24$j228469$B6176$CSeMilBibl$Z2$F6176 $81 961 $aSottoscrizione: Peeters 996 $6020$a90-6831-520-X$9(OLS)http://semarc/number/9960 996 $6245$aHistorica, Theologica et Philosophica, Gnostica$9(OLS)http://semarc/title/57304